000 06244nam a22006377a 4500
008 090120t xxu||||| |||| 00| 0 eng d
010 _aB-344589-612
020 _a8180063682
_c60.00
020 _a9788180063688
_c60.00
035 _aB-344589-612
035 _aB-357731
037 _bTarun Books
040 _adpl
_bEnglish
082 _a507.2
100 _aSah, Singdha
245 _aHeat /
_cby Snigdha Sah; edited Diksha Chopra (and) Sheela Roy; illustrated
260 _aMumbai
_bAlka Book Centre
_cn.d.
270 _a2, Sai Sadan, 76/78, Mody Street, Fort
_bMumbai
_e400 001
_minfo@alkapublications.com
300 _a24p.
_bill.
_c28cm. (pbk)
490 _aScience Experiments
650 _aScience Experiements
700 _aChopra, Diksha
700 _aRoy, Sheela
700 _aChandoo
700 _aGurung, Rakesh
700 _aManoj
700 _aRajendra Nath
942 _2ddc
_cCH
_h507.2
_mSAH
999 _c21756
_d21756